Banking Statistics of Pakistan 2004-2005 (Record no. 586073)
[ view plain ]
| 000 -LEADER | |
|---|---|
| fixed length control field | 00312nam a22001097a 4500 |
| 082 ## - DEWEY DECIMAL CLASSIFICATION NUMBER | |
| Classification number | 330.95491 SBP |
| 100 ## - MAIN ENTRY--PERSONAL NAME | |
| Personal name | State Bank of Pakistan |
| 245 ## - TITLE STATEMENT | |
| Title | Banking Statistics of Pakistan 2004-2005 |
| Statement of responsibility, etc. | State Bank of Pakistan |
| 300 ## - PHYSICAL DESCRIPTION | |
| Extent | 508p |
| 942 ## - ADDED ENTRY ELEMENTS (KOHA) | |
| Source of classification or shelving scheme | |
| Koha item type | Book |
| Withdrawn status | Lost status | Source of classification or shelving scheme | Damaged status | Not for loan | Permanent Location | Current Location | Date acquired | Total Checkouts | Full call number | Barcode | Date last seen | Price effective from | Koha item type |
|---|---|---|---|---|---|---|---|---|---|---|---|---|---|
| Central Library (CL) | Central Library (CL) | 08/04/2021 | 330.95491 SBP | S3H-R-130 | 08/04/2021 | 08/04/2021 | Book | ||||||
| Central Library (CL) | Central Library (CL) | 08/04/2021 | 330.95491 SBP | S3H-R-129 | 08/04/2021 | 08/04/2021 | Book |
